000 00365 a2200157 4500
001 148621
040 _cEscola São Tomás de Aquino
100 _aBANDEIRA, Pedro
240 1 0 _aO primeiro amor de Laurinha
_lpor
245 1 0 _aO primeiro amor de Laurinha
300 _a64
362 0 _a2009
440 1 _aModerna
697 _a*LITERATURA INFANTO
942 _cBK
999 _c148621
_d148621